| 000 | 01101nam a2200253Ia 4500 | ||
|---|---|---|---|
| 999 |
_c35111 _d35111 |
||
| 001 | 952 | ||
| 003 | GE_BSU | ||
| 005 | 20200226122351.0 | ||
| 008 | 181216s2003ru xx |||||||||||||| ||rus|| | ||
| 020 | _a5769512725 | ||
| 040 | _cGE_BSU | ||
| 041 | _arus | ||
| 080 | _a81'25(075.8) Л-27 | ||
| 100 |
_aЛатышев,Л.К _97488 |
||
| 245 |
_aПеревод:теория,практика и методика преподавания : _bУчебное пособие для студ.переводческих фак-в. / _cЛ.К. Латышев ; А.П. Семенов ; Ред. Е.А.Кречетова. |
||
| 264 |
_aМосква : _bАкадемия, _c2003. |
||
| 300 |
_a192 стр.: _c22 см. |
||
| 500 | _aБиблиогр. стр.187-189. Предметн.указ.стр.190-191 | ||
| 653 | _aПеревод:теория,практика и методика преподавания | ||
| 653 | _aთარგმნის თეორია | ||
| 700 |
_aСеменов, А.П. _97489 |
||
| 700 |
_aКречетова, Е.А _eრედაქტორი _97490 |
||
| 942 |
_cBK _2udc |
||